000 00700nam a2200205 u 4500
005 20210223131336.0
008 100809s2007 mx r 000 0 spa d
020 _a9789705802201
035 _aUPN01000177238
049 _aCG
050 4 _aDG262.5
_bG3.4
100 1 _aGalford, Ellen
245 1 0 _aJulio César :
_bvine, ví, vencí /
_cEllen Galford ; tr. Luz María Méndez.
260 _aMéxico :
_bAltea,
_cc2007.
300 _a64 p. :
_bil. col.
500 _aTítulo en cubierta: Julio César : el niño que conquistó un imperio
534 _pTraducción de:
_tJulius Caesar : "I came, I saw, I conquered"
600 1 4 _aCESAR, CAYO JULIO,
_dCA. 100 A.C.-44 A.C.
_916988
905 _aLibro
999 _c149341
_d149341